| 000 | 01060cam a2200289 a 4500 | ||
|---|---|---|---|
| 001 | 4033398 | ||
| 003 | OSt | ||
| 005 | 20240712105100.0 | ||
| 008 | 980424s1999 enka 001 0 eng | ||
| 010 | _a 98020210 | ||
| 020 | _a0415154448 (hardbound) | ||
| 020 | _a0415154456 (pbk.) | ||
| 040 | _cmust | ||
| 050 | 0 | 0 |
_aGE43 _b.B56 1999 |
| 082 | 0 | 0 |
_a363.7 _221 |
| 245 | 0 | 0 |
_aBioregionalism / _cedited by Michael Vincent McGinnis. |
| 260 |
_aLondon ; _aNew York : _bRoutledge, _c1999. |
||
| 300 |
_axvii, 231 p. : _bill. ; _c24 cm. |
||
| 500 | _aIncludes index. | ||
| 650 | 0 |
_aBioregionalism. _918690 |
|
| 650 | 0 |
_aEnvironmental policy. _91624 |
|
| 700 | 1 |
_aMcGinnis, Michael Vincent, _d1962- _918691 |
|
| 856 | 4 | 2 |
_3Publisher description _uhttp://www.loc.gov/catdir/enhancements/fy0649/98020210-d.html |
| 906 |
_a7 _bcbu _corignew _d1 _eocip _f19 _gy-gencatlg |
||
| 942 |
_2ddc _cO_SHELF |
||
| 999 |
_c9168 _d9168 |
||